• 首页
  • 本馆介绍
  • 公告通知
  • 最新文献
  • 馆藏检索
  • 电子资源
  • 读者导购
  • 参考咨询
  • 我的图书馆
  • 登录
  • 详细信息显示
  • 放入我的书架
  • 预约/预借图书
  • 作者相关作品
  • 分类相关作品
  • 丛书相关作品
  • 出版社相关作品

书目信息

  • 表格格式
  • 工作单格式
  • 卡片格式
题名:
智力落后儿童的教育
    
 
作者: 周月霞 著
分册:  
出版信息: 北京   北京教育出版社  1991.6
页数: 151页
开本: 19cm
丛书名: 北京教育丛书
单 册:
中图分类: G764
科图分类: 39.55
主题词: 智力落后-儿童教育 , 儿童教育-智力落后
电子资源:
ISBN: 7-5303-0217-5
000 00993nam2 2200301 45
001 1557972823
005 20150128160654.28
010    @a7-5303-0217-5@dCNY3.10
020    @aCN@b92002522
092    @a社科276-164
100    @a19920622d1991 em y0chiy0121 ea
101 0  @achi
102    @aCN@b110000
105    @ay z 000yy
200 10 @a智力落后儿童的教育@Azhi li luo hou er tong de jiao yu@f周月霞著@Fzhou yue xia zhu
210    @a北京@c北京教育出版社@d1991.6
215    @a151页@d19cm
225 2  @a北京教育丛书@f汪家主编
330    @a本书论述了智力落后儿童教育的一般问题;如何加强对智力落后儿童的思想教育;对智力落后儿童的听说读写能力的训练;非智力因素的作用及其培养。
410  0 @120010@a北京教育丛书
540 1  @a智力 落后 儿童 教育@Azhi li luo hou er tong jiao yu
606    @a智力落后-儿童教育
606    @a儿童教育-智力落后
690    @aG764
692    @a39.55
701  0 @a周月霞@Azhou yue xia@4著
801  0 @aCN@bTSSF@c20150128
905    @aZUCC@dG764@eJY12
    
    智力落后儿童的教育/周月霞著.-北京:北京教育出版社,1991.6
    151页;19cm.-(北京教育丛书/汪家主编)
    
    
    ISBN 7-5303-0217-5:CNY3.10
    本书论述了智力落后儿童教育的一般问题;如何加强对智力落后儿童的思想教育;对智力落后儿童的听说读写能力的训练;非智力因素的作用及其培养。
●
相关链接 在E读中查询图书 在五车中查询图书 在当当中查询图书 在豆瓣中查询图书


正题名:智力落后儿童的教育     索取号:G764/JY12         预约/预借

序号 登录号 条形码 馆藏地/架位号 状态 备注
1 7837325   278373252   学院路分馆/ [索取号:G764/JY12] 在馆    
唐山师范学院图书馆 欢迎您!
大连网信软件有限公司© 版权所有